Essential english grammar: Self study reference and practice book for elementary students of english (Record no. 396446)

MARC details
000 -LEADER
fixed length control field 00565 a2200193 4500
005 - DATE & TIME
control field 20260421154223.0
008 - FIXED-LENGTH DATA ELEMENTS--GENERAL INFORMATION
fixed length control field 260421b |||||||| |||| 00| 0 eng d
020 ## - ISBN
International Standard Book Number 9788175960299
Price Rs. 380.00
040 ## - CATALOGING SOURCE
Original cataloging agency VIVEKANANDA LIBRARY
082 ## - DDC NUMBER
Classification number 425(2)
Book Number M951E
100 ## - MAIN ENTRY--PERSONAL NAME
Personal name Murphy, Raymond
245 ## - TITLE STATEMENT
Title Essential english grammar: Self study reference and practice book for elementary students of english
250 ## - EDITION STATEMENT
Edition statement 2nd
260 ## - PUBLICATION, DISTRIBUTION, ETC. (IMPRINT)
Name of publisher, distributor, etc Cambridge University Press
Place of publication, distribution, etc New Delhi
Date of publication, distribution, etc 2025
300 ## - PHYSICAL DESCRIPTION
Pages 300
650 ## - Subject
Subject English Language
650 ## - Subject
Subject English Grammar
942 ## - ADDED ENTRY ELEMENTS (KOHA)
Koha item type Books
Holdings
Withdrawn status Lost status Source of classification or shelving scheme Damaged status Not for loan Location (home branch) Sublocation or collection (holding branch) Shelving location Date acquired Koha issues (times borrowed) Koha full call number Accession No. Koha date last seen Koha item type
    Dewey Decimal Classification     VIVEKANANDA LIBRARY VIVEKANANDA LIBRARY Vivekananda Library 28/01/2026   425(2) M951E 444790 28/01/2026 Books
© Designed and Maintained by Vivekananda Library, MDU Rohtak